00790cam a2200253 a 4500001000500000005001700005020001500022020001500037020001700052040001800069050002200087082001200109100002500121245005400146260005300200300005100253490002600304490002800330505000700358520009700365521002000462521001900482650003500501222620250117110223.0 a0307119734 a0307611930 a033500119730 aDLCcDLCbeng00aPZ7.M462bJr 198900a4792201 aMayer, Mercerd1943-10aJust a daydream /cby Mercer Mayer to Daniel Hall aRacine :bGolden Book ;bWestern Pub. Co.,c1989 a23 unnumbered pages :bIllustrationsc20x20 cm1 aA Little Critter book0 aA Golden look-look book aK  aLittle Critter daydreams about what he would do to the local bully if he were Super Critter. a570 bLexile  aK bRaz-Plus  1aBullies and bullyingvFiction.